000 01058nam0a22003011 4500
001 rc\2745416
005 20260406110014.0
035 _a(NLR Aleph) 006872488
090 _a6962304
_c6962304
100 _a20110915d1939 |||y0rusy50 ca
101 0 _arus
102 _aRU
105 _ay z |||a|
200 1 _aБессмертие
_eРассказы
_fМатэ Залка
210 _a[Москва]
_cВоениздат
_d1939
_eНовосибирск
215 _a76 с.
_d18 см.
225 1 _aБиблиотека красноармейца
327 1 _aСодерж.: Генерал. Ходя. Бессмертие. Яблоки
464 0 _12000#$aБессмертие
_tБессмертие
464 0 _12000#$aЯблоки
_tЯблоки
464 0 _12000#$aХодя
_tХодя
464 0 _12000#$aГенерал
_tГенерал
700 1 _7ca
_8rus
_aЗалка
_bМ.
_f1896-1937
_gМате
_3RU\NLR\AUTH\77104732
_987657
801 0 _aRU
_bNLR
_gpsbo
801 1 _aRU
_bELAR
_2rusmarc
852 _aNLR
_j39-9/1636
942 _cBOOK
980 _aNB